000 00806nam a2200241Ia 4500
005 20260430150701.0
008 008 250103s9999 xx 000 0 eng d
037 _aTheses
040 _aCRL
040 _beng
040 _ceng
041 _2eng
041 _aeng
084 _qCRL
100 _aAjay Kumar Au.; Singh Udaipir Gu.; Singh N. Santakrus Gu.
_91238204
245 0 _aSynthesis and Characterizations of Pure and Mn-/y-doped 0.49bifeo3 0.20pb(mg1/3nb2/3) o3-0.31pbtio3 (bf-pmn-pt) Perovskite Ceramic for Di /piezo-/Ferro-Electric Propertiesm
260 _c2024
300 _a113p.
650 _aElectronic Science
700 _aUniversity of Delhi. Faculty of Inter-Disciplinary&Applied Science. Deptt. of Electronic Science
_91238199
942 _cTH
999 _c1850380
_d1850380